[Event "Bay Area International"]
[Site "?"]
[Date "2014.01.03"]
[Round "3"]
[White "Gorovets, Andrey"]
[Black "Abrahamyan, Tatev"]
[Result "1-0"]
[WhiteElo "2494"]
[BlackElo "2356"]
[PlyCount "85"]
[EventDate "2014.??.??"]

1. d4 Nf6 2. c4 e6 3. Nc3 Bb4 4. g3 O-O 5. Bg2 d5 6. Nf3 dxc4 7. O-O Nbd7 8.
Qc2 c6 9. e4 b5 10. a4 Bb7 11. e5 Nd5 12. Ng5 g6 13. axb5 Be7 14. bxc6 Bxc6 15.
Nxd5 Bxd5 16. Bxd5 exd5 17. Nh3 Re8 18. Nf4 Nf8 19. Ra6 Qd7 20. Ra5 Ne6 21.
Nxd5 Nxd4 22. Qe4 Nb3 23. Rd1 Kg7 24. Ne3 Qc7 25. Rad5 Rac8 26. Rd7 Qc6 27. Qg4
Kh8 28. Rxa7 Qc5 29. Ra4 Nxc1 30. Rxc4 Ne2+ 31. Kf1 Qb5 32. Rxc8 Nxg3+ 33. Kg2
Qb7+ 34. Qf3 Qxc8 35. hxg3 Kg7 36. Qe4 Qb8 37. Nc4 Bc5 38. Qc6 Rc8 39. Qf6+ Kg8
40. Rd7 Rf8 41. e6 Qa8+ 42. f3 Qe8 43. Rc7 1-0

[Event "Bay Area International"]
[Site "?"]
[Date "2014.01.03"]
[Round "3"]
[White "Gurevich, Daniel"]
[Black "Esserman, Marc"]
[Result "1/2-1/2"]
[WhiteElo "2272"]
[BlackElo "2447"]
[PlyCount "98"]
[EventDate "2014.??.??"]

1. e4 c5 2. Nf3 d6 3. d4 cxd4 4. Nxd4 Nf6 5. Nc3 a6 6. h3 Nc6 7. Be3 e6 8. g4
Be7 9. Bg2 Qc7 10. Qe2 O-O 11. O-O-O Nd7 12. f4 Nxd4 13. Bxd4 b5 14. e5 dxe5
15. Bxa8 exd4 16. Nd5 exd5 17. Qxe7 Qxf4+ 18. Kb1 Nf6 19. Qa7 h6 20. Rhf1 Qd6
21. Rxd4 Be6 22. Bb7 Qc7 23. Qxa6 Rb8 24. Ba8 Rb6 25. Qa5 Qd6 26. Qd2 Rb8 27.
Qa5 Qf8 28. Bxd5 Nxd5 29. Rfd1 Ra8 30. Qd2 Rd8 31. a3 Qc5 32. Qd3 Rd6 33. h4
Nf4 34. Qe4 Nd5 35. Kc1 Kf8 36. g5 hxg5 37. hxg5 g6 38. Qe5 Ke7 39. R1d3 Qc6
40. c3 Qc5 41. Kd2 Rd7 42. b4 Qc6 43. a4 bxa4 44. c4 Nb6 45. Qf6+ Ke8 46. Qh8+
Ke7 47. Qf6+ Ke8 48. Qh8+ Ke7 49. Qf6+ Ke8 1/2-1/2

[Event "Bay Area International"]
[Site "?"]
[Date "2014.01.03"]
[Round "3"]
[White "Hendrickson, Nolan"]
[Black "Vibbert, Sean"]
[Result "0-1"]
[WhiteElo "2145"]
[BlackElo "2333"]
[PlyCount "60"]
[EventDate "2014.??.??"]

1. e4 c5 2. Nc3 e6 3. f4 d5 4. exd5 exd5 5. Bb5+ Nc6 6. Nf3 a6 7. Bxc6+ bxc6 8.
O-O Bd6 9. d3 Ne7 10. b3 O-O 11. Ba3 Nf5 12. Qd2 Qc7 13. g3 Re8 14. Rfe1 Be6
15. Qf2 Qa5 16. Na4 d4 17. Nd2 Bd5 18. Ne4 Bxe4 19. dxe4 Ne3 20. c3 Rxe4 21.
cxd4 Ng4 22. Rxe4 Nxf2 23. Kxf2 Qd2+ 24. Kg1 f5 25. Ree1 Qxd4+ 26. Kh1 Rd8 27.
Rad1 Qf2 28. Nb2 Bc7 29. Rf1 Rxd1 30. Rxd1 c4 0-1

[Event "Bay Area International"]
[Site "?"]
[Date "2014.01.03"]
[Round "3"]
[White "Hernandez, Holden"]
[Black "Yang, Darwin"]
[Result "1/2-1/2"]
[WhiteElo "2548"]
[BlackElo "2463"]
[PlyCount "104"]
[EventDate "2014.??.??"]

1. d4 Nf6 2. c4 e6 3. Nc3 Bb4 4. Qc2 O-O 5. a3 Bxc3+ 6. Qxc3 d6 7. Nf3 Nbd7 8.
Bg5 b6 9. Nd2 Bb7 10. f3 c5 11. e4 Rc8 12. Be3 cxd4 13. Qxd4 Qe7 14. Be2 e5 15.
Qd3 Nc5 16. Qb1 Ne6 17. O-O Nf4 18. Re1 Nxe2+ 19. Rxe2 Ba6 20. Qd3 Qe6 21. b3
d5 22. exd5 Nxd5 23. Rae1 Nxe3 24. Qxe3 Rcd8 25. Nb1 f6 26. Nc3 Qd6 27. a4 Qb4
28. Na2 Qd6 29. Rc2 Rf7 30. b4 Rc7 31. Rec1 Qe6 32. b5 Bb7 33. a5 Rd4 34. a6
Bc8 35. Nb4 Bd7 36. Qe2 Rc5 37. Nd5 h6 38. Rd1 Rxd1+ 39. Qxd1 Bxb5 40. Nxf6+
Qxf6 41. cxb5 Qe7 42. Qd3 Qc7 43. Rxc5 Qxc5+ 44. Kf1 Kf7 45. Qd7+ Kf6 46. g4 e4
47. fxe4 Qc4+ 48. Kf2 Qxe4 49. h4 Qc2+ 50. Kf3 Qc3+ 51. Ke4 Qc2+ 52. Ke3 Qc3+
1/2-1/2

[Event "Bay Area International"]
[Site "?"]
[Date "2014.01.03"]
[Round "3"]
[White "Kaufman, Ray"]
[Black "Gerzhoy, Leonid"]
[Result "0-1"]
[WhiteElo "2301"]
[BlackElo "2481"]
[PlyCount "68"]
[EventDate "2014.??.??"]

1. d4 Nf6 2. c4 g6 3. g3 Bg7 4. Bg2 O-O 5. Nf3 c5 6. d5 d6 7. Nc3 e6 8. O-O
exd5 9. cxd5 a6 10. a4 Re8 11. Bf4 Nh5 12. Bg5 Qc7 13. Qd2 Nd7 14. h3 Rb8 15.
a5 b5 16. axb6 Rxb6 17. Ra2 Ne5 18. Nxe5 Bxe5 19. e4 Bd7 20. Kh2 Reb8 21. f4
Bd4 22. g4 Ng7 23. e5 dxe5 24. d6 Rxd6 25. Nd5 Rxd5 26. Bxd5 Be6 27. Bxe6 Nxe6
28. Bf6 e4 29. Bxd4 cxd4 30. Qg2 Nxf4 31. Qg3 g5 32. h4 h6 33. Rxa6 Rxb2+ 34.
Kh1 e3 0-1

[Event "Bay Area International"]
[Site "?"]
[Date "2014.01.03"]
[Round "3"]
[White "Klotz-Burwell, Hunter"]
[Black "Coraretti, Benjamin"]
[Result "0-1"]
[WhiteElo "2006"]
[BlackElo "2170"]
[PlyCount "62"]
[EventDate "2014.??.??"]

1. e4 e5 2. Nf3 Nc6 3. Bc4 Bc5 4. Nc3 Nf6 5. d3 d6 6. Bg5 Na5 7. Nd5 c6 8.
Nxf6+ gxf6 9. Bh4 Nxc4 10. dxc4 Rg8 11. Rg1 Qb6 12. Rb1 Rg4 13. Qe2 f5 14. exf5
Bxf5 15. Kf1 Re4 16. Qd2 Be6 17. g3 Bh3+ 18. Rg2 Kd7 19. Qg5 Re8 20. Qf6 Be6
21. Ng5 Bxc4+ 22. Kg1 Re2 23. Nxh7 Qxb2 24. Rf1 Qxc2 25. Qf3 Qxh7 26. Qg4+ Re6
27. Qxc4 Qe4 28. Qc1 Rg6 29. h3 Qc2 30. a4 Qxc1 31. Rxc1 Ra2 0-1

[Event "Bay Area International"]
[Site "?"]
[Date "2014.01.03"]
[Round "3"]
[White "Liou, Yian"]
[Black "Chen, Wang"]
[Result "0-1"]
[WhiteElo "2391"]
[BlackElo "2507"]
[PlyCount "80"]
[EventDate "2014.??.??"]

1. e4 c5 2. Nf3 e6 3. g3 Nc6 4. Bg2 Nf6 5. Qe2 Be7 6. O-O d5 7. d3 d4 8. e5 Nd5
9. h4 h6 10. a4 b6 11. Nbd2 Qc7 12. Re1 Bb7 13. Nf1 O-O-O 14. N1h2 Ncb4 15. Ng4
Kb8 16. h5 Rc8 17. Qd2 Qd7 18. b3 Bg5 19. Nxg5 hxg5 20. h6 gxh6 21. Ba3 h5 22.
Nh2 h4 23. Bxb4 cxb4 24. Ng4 a5 25. Rac1 Qe7 26. Qe2 Nc3 27. Qf1 Na2 28. Ra1
Rxc2 29. Re2 Rxe2 30. Qxe2 Nc3 31. Qf1 Rc8 32. Re1 Nd5 33. Re4 hxg3 34. Rxd4
gxf2+ 35. Qxf2 Nf4 36. Bf1 Rh8 37. Qe3 Bd5 38. Nf6 Qc7 39. Nxd5 exd5 40. Bg2
Qc5 0-1

[Event "Bay Area International"]
[Site "?"]
[Date "2014.01.03"]
[Round "3"]
[White "Macieja, Bartlomiej"]
[Black "Friedel, Josh"]
[Result "1-0"]
[WhiteElo "2583"]
[BlackElo "2490"]
[PlyCount "111"]
[EventDate "2014.??.??"]

1. Nf3 c5 2. e4 e6 3. b3 b6 4. Bb2 Bb7 5. Qe2 Nc6 6. Nc3 Nge7 7. O-O-O a6 8.
Qe3 Rc8 9. h4 d5 10. exd5 Nxd5 11. Nxd5 Qxd5 12. h5 h6 13. Rh4 Ne7 14. Bc4 Qd8
15. Qe2 b5 16. Bd3 Nd5 17. a4 Nb6 18. Be4 Bd5 19. axb5 c4 20. bxa6 Be7 21. Rg4
Bxe4 22. Rxe4 O-O 23. Rg4 Bf6 24. Bxf6 Qxf6 25. Qe5 Qxe5 26. Nxe5 cxb3 27. c3
Ra8 28. Rb4 Rxa6 29. Rxb3 Rc8 30. Kc2 f6 31. Ng6 Nd5 32. Rdb1 Ra2+ 33. R1b2
Rxb2+ 34. Kxb2 Rd8 35. c4 Nc7 36. d4 Ne8 37. Rd3 Kf7 38. c5 Nc7 39. Nf4 Ke7 40.
Rg3 Kf7 41. Rd3 Ke7 42. f3 Ke8 43. Kb3 Ra8 44. d5 exd5 45. Nxd5 Nxd5 46. Rxd5
Ke7 47. Rd2 f5 48. Kb4 Kf6 49. c6 Kg5 50. c7 Rc8 51. Rd7 Kxh5 52. Rxg7 f4 53.
Kc5 Kh4 54. Kb6 h5 55. Rd7 Kg3 56. Rd2 1-0

[Event "Bay Area International"]
[Site "?"]
[Date "2014.01.03"]
[Round "3"]
[White "Manvelyan, Hayk"]
[Black "Mackenzie, Dana"]
[Result "1/2-1/2"]
[WhiteElo "2282"]
[BlackElo "2064"]
[PlyCount "90"]
[EventDate "2014.??.??"]

1. d4 Nf6 2. c4 d5 3. cxd5 Nxd5 4. Nf3 Bf5 5. Nbd2 Nb6 6. e4 Bg6 7. b3 e6 8.
Bb2 N8d7 9. Bd3 Be7 10. O-O O-O 11. Qe2 Re8 12. Rac1 Bf8 13. Rfd1 c6 14. h3 Rc8
15. Bb1 h6 16. Ne5 Nxe5 17. dxe5 Rc7 18. f4 Rd7 19. f5 Bh7 20. Nc4 Bc5+ 21. Kh1
Nxc4 22. Rxd7 Qxd7 23. Qxc4 Be3 24. Re1 Bb6 25. f6 Qd2 26. Bc3 Qg5 27. Rf1 Rd8
28. Bc2 Qe3 29. fxg7 Kxg7 30. Bb4 Qd4 31. Bd6 Qxc4 32. bxc4 Rd7 33. c5 Bd8 34.
g4 Bh4 35. Kg2 b6 36. Kf3 Bg6 37. Ba4 b5 38. Bb3 Rb7 39. a4 bxa4 40. Bxa4 Bxe4+
41. Kxe4 Rb4+ 42. Kf3 Rxa4 43. Rb1 Ra3+ 44. Kg2 Ra2+ 45. Kf3 Ra3+ 1/2-1/2

[Event "Bay Area International"]
[Site "?"]
[Date "2014.01.03"]
[Round "3"]
[White "Naroditsky, Daniel"]
[Black "de Guzman, Ricardo"]
[Result "1/2-1/2"]
[WhiteElo "2535"]
[BlackElo "2409"]
[PlyCount "184"]
[EventDate "2014.??.??"]

1. e4 e5 2. Nf3 Nc6 3. Bb5 a6 4. Ba4 Nf6 5. O-O Be7 6. Re1 b5 7. Bb3 d6 8. c3
O-O 9. h3 Na5 10. Bc2 c5 11. d4 Qc7 12. Nbd2 Bd7 13. Nf1 Rfe8 14. Bg5 h6 15.
Bh4 Nc4 16. b3 Na3 17. dxe5 dxe5 18. Ne3 Rad8 19. Bxf6 Bxf6 20. Nd5 Qd6 21. Qc1
Nxc2 22. Qxc2 g6 23. a4 Bg7 24. axb5 axb5 25. c4 bxc4 26. bxc4 Ra8 27. Reb1
Rxa1 28. Rxa1 Be6 29. Nd2 Rb8 30. Ra5 Bf8 31. Qa2 Qd8 32. Nf3 Bd6 33. Ra7 Kg7
34. Qa1 Bxd5 35. cxd5 Qf6 36. Nd2 Rb4 37. Ra6 Rd4 38. Qc3 c4 39. Qc2 c3 40.
Qxc3 Qe7 41. Nf3 Rd1+ 42. Kh2 Qf6 43. g3 Bb4 44. Rxf6 Bxc3 45. Rc6 Bd4 46. Kg2
Kf8 47. g4 Ke7 48. h4 Bb2 49. h5 gxh5 50. gxh5 f5 51. Nh4 fxe4 52. Nf5+ Kd7 53.
Rxh6 Rxd5 54. Rb6 Bd4 55. Rg6 Ra5 56. Rg8 Ke6 57. h6 Ra7 58. Ng7+ Kf6 59. Nh5+
Ke6 60. Ng7+ Kf6 61. Ne8+ Ke6 62. Rg6+ Kf5 63. Rg7 Ra6 64. Rf7+ Kg5 65. h7 Rh6
66. Kf1 Rh1+ 67. Ke2 Kg6 68. Rg7+ Kf5 69. Kd2 Rh2 70. Kd1 Ke6 71. Rb7 Bxf2 72.
Ng7+ Kf6 73. Ne8+ Ke6 74. Ng7+ Kd5 75. Nf5 Bc5 76. Ng3 e3 77. Ne2 Kc4 78. Rc7
Kd5 79. Nc3+ Kd6 80. Rc8 e2+ 81. Ke1 Bb4 82. h8=Q Bxc3+ 83. Rxc3 Rxh8 84. Kxe2
Kd5 85. Ra3 Rh2+ 86. Ke1 Kd4 87. Rb3 e4 88. Ra3 Rc2 89. Rh3 e3 90. Rh8 Rc5 91.
Rd8+ Rd5 92. Rxd5+ Kxd5 1/2-1/2

[Event "Bay Area International"]
[Site "?"]
[Date "2014.01.03"]
[Round "3"]
[White "Piasetski, Leon"]
[Black "Wang, Michael"]
[Result "1-0"]
[WhiteElo "2289"]
[BlackElo "2040"]
[PlyCount "125"]
[EventDate "2014.??.??"]

1. c4 e5 2. Nc3 Nc6 3. g3 g6 4. Bg2 Bg7 5. Rb1 a5 6. a3 d6 7. b4 axb4 8. axb4
f5 9. b5 Nce7 10. Qb3 Nf6 11. d3 O-O 12. Nd5 Nexd5 13. cxd5 e4 14. Nh3 exd3 15.
Qxd3 Ne4 16. Nf4 Bc3+ 17. Kf1 Qf6 18. h4 Ra2 19. Bxe4 fxe4 20. Qc4 Ra8 21. Be3
Bg4 22. Kg2 Be5 23. b6 cxb6 24. Rxb6 Rfc8 25. Qxe4 Bf5 26. Qb4 Ra2 27. Rc1 Rxc1
28. Bxc1 Rc2 29. Be3 Rb2 30. Qa4 Rxb6 31. Bxb6 Qe7 32. e4 Bd7 33. Qa8+ Kf7 34.
f3 Bxf4 35. gxf4 Qxh4 36. Qxb7 Qh3+ 37. Kf2 Qh2+ 38. Kf1 Ke7 39. Qc7 Qh3+ 40.
Ke2 Qg2+ 41. Bf2 g5 42. f5 Qh3 43. f6+ Kxf6 44. Qxd6+ Kf7 45. Ke3 Ke8 46. Qe5+
Kf7 47. Qxg5 Qf1 48. Qg1 Qc4 49. Qd1 Bb5 50. Kf4 Qb4 51. Kg3 Qd6+ 52. Kg2 Qg6+
53. Bg3 h5 54. Qh1 Qg5 55. Qh4 Qd2+ 56. Bf2 Qh6 57. Qg3 Qc1 58. Kh2 Be2 59. e5
h4 60. e6+ Kf8 61. Qxh4 Qc7+ 62. Bg3 Qc2 63. Qf6+ 1-0

[Event "Bay Area International"]
[Site "?"]
[Date "2014.01.03"]
[Round "3"]
[White "Prieto, Ernesto"]
[Black "Ishkhanov, Tigran"]
[Result "0-1"]
[WhiteElo "2095"]
[BlackElo "2314"]
[PlyCount "126"]
[EventDate "2014.??.??"]

1. f4 d5 2. Nf3 Nf6 3. e3 Bg4 4. Be2 Nbd7 5. b3 Bxf3 6. Bxf3 e5 7. O-O Bd6 8.
g3 h5 9. Bb2 h4 10. g4 exf4 11. exf4 Bxf4 12. Bg2 h3 13. Rxf4 hxg2 14. Qe1+ Kf8
15. g5 Ne4 16. g6 Ndf6 17. Ba3+ Kg8 18. gxf7+ Kxf7 19. Nc3 g5 20. Nxe4 gxf4 21.
Ng5+ Kg6 22. Ne6 Qd7 23. Qe5 Rae8 24. Re1 Rh5 25. Nxf4+ Kf7 26. Qxe8+ Nxe8 27.
Nxh5 Nd6 28. Kxg2 Qg4+ 29. Ng3 Ne4 30. d3 Ng5 31. Rf1+ Ke6 32. Bc1 c5 33. Bxg5
Qxg5 34. a4 c4 35. dxc4 dxc4 36. bxc4 Qd2+ 37. Rf2 Qb4 38. Re2+ Kf7 39. Ne4
Qxa4 40. h4 Kg6 41. c5 a5 42. Kf3 Qc4 43. Rg2+ Kh6 44. Rd2 a4 45. Rd6+ Kg7 46.
Rd7+ Kf8 47. Rxb7 a3 48. Ra7 a2 49. c6 Qf1+ 50. Nf2 a1=Q 51. Rxa1 Qxa1 52. Ne4
Qf1+ 53. Ke3 Qc4 54. c3 Qxc6 55. Kd4 Qd7+ 56. Ke5 Qe7+ 57. Kd5 Qxh4 58. c4 Ke7
59. c5 Kd7 60. Nc3 Qh5+ 61. Kc4 Kc6 62. Na4 Qh4+ 63. Kb3 Kb5 0-1

[Event "Bay Area International"]
[Site "?"]
[Date "2014.01.03"]
[Round "3"]
[White "Remlinger, Larry"]
[Black "Shankland, Sam"]
[Result "0-1"]
[WhiteElo "2304"]
[BlackElo "2602"]
[PlyCount "94"]
[EventDate "2014.??.??"]

1. Nf3 Nf6 2. c4 g6 3. b4 Bg7 4. Bb2 O-O 5. g3 Na6 6. b5 Nc5 7. Bg2 a6 8. d4
Nce4 9. O-O axb5 10. cxb5 c6 11. Nfd2 d5 12. Nc3 Nxc3 13. Bxc3 cxb5 14. Qb3 Bd7
15. Bb4 Bc6 16. Rad1 Re8 17. Rfe1 e6 18. Nb1 Nd7 19. Nc3 Nb6 20. e3 Qd7 21. Ne2
Nc4 22. Nf4 Bf8 23. Bxf8 Rxf8 24. h4 Ra3 25. Qb1 f5 26. Nd3 Rfa8 27. Re2 Qd6
28. h5 g5 29. Nc5 b6 30. Nd3 Be8 31. g4 fxg4 32. e4 Bxh5 33. exd5 exd5 34. Re5
Nxe5 35. dxe5 Qf8 36. Bxd5+ Kh8 37. Bxa8 Rxa8 38. Qb2 g3 39. Rf1 Qf5 40. e6+
Kg8 41. Ne5 gxf2+ 42. Rxf2 Qxe6 43. Qd4 Ra7 44. Rd2 Re7 45. Nd7 Rf7 46. Ne5 Rf5
47. Qd8+ Be8 0-1

[Event "Bay Area International"]
[Site "?"]
[Date "2014.01.03"]
[Round "3"]
[White "Santarius, Erik"]
[Black "Roiz, Michael"]
[Result "1/2-1/2"]
[WhiteElo "2343"]
[BlackElo "2614"]
[PlyCount "54"]
[EventDate "2014.??.??"]

1. d4 Nf6 2. c4 g6 3. Nc3 d5 4. Nf3 Bg7 5. cxd5 Nxd5 6. Qb3 Nxc3 7. bxc3 c5 8.
Ba3 b6 9. e3 O-O 10. Be2 Qc7 11. O-O Nd7 12. Rad1 e6 13. Rfe1 Bb7 14. c4 Rad8
15. d5 exd5 16. cxd5 Nf6 17. Bc4 a6 18. e4 b5 19. Bf1 c4 20. Qc2 Rfe8 21. Bb2
c3 22. Bc1 Nd7 23. Nd4 Rc8 24. Be3 Qd6 25. f3 Nc5 26. g3 Na4 27. Nb3 Nb2
1/2-1/2

[Event "Bay Area International"]
[Site "?"]
[Date "2014.01.03"]
[Round "3"]
[White "Sevian, Samuel"]
[Black "Lobo, Richard"]
[Result "1-0"]
[WhiteElo "2401"]
[BlackElo "2242"]
[PlyCount "71"]
[EventDate "2014.??.??"]

1. Nf3 Nf6 2. g3 d5 3. Bg2 c6 4. O-O Bf5 5. d3 h6 6. b3 e6 7. Bb2 Be7 8. Nfd2
O-O 9. e4 Bh7 10. Nc3 a5 11. Kh1 Na6 12. f4 Re8 13. g4 Nd7 14. Nf3 Nac5 15. e5
Bf8 16. Qd2 b5 17. Ne2 b4 18. Ng3 Nb6 19. f5 Ncd7 20. Rae1 c5 21. d4 c4 22. Qf4
a4 23. g5 axb3 24. gxh6 gxh6 25. Qg4+ Kh8 26. axb3 Ra2 27. Bc1 exf5 28. Nxf5
Re6 29. Nxh6 Rxh6 30. Ng5 Bg8 31. Nxf7+ Bxf7 32. Bxh6 Bxh6 33. Rxf7 Qg5 34.
Qxg5 Bxg5 35. e6 Nf6 36. e7 1-0

[Event "Bay Area International"]
[Site "?"]
[Date "2014.01.03"]
[Round "3"]
[White "Taghizadeh, Rayan"]
[Black "Studen, Damir"]
[Result "1/2-1/2"]
[WhiteElo "1967"]
[BlackElo "2285"]
[PlyCount "131"]
[EventDate "2014.??.??"]

1. e4 d5 2. exd5 Qxd5 3. d4 Qa5+ 4. Nd2 Nf6 5. Ngf3 c6 6. Bc4 Bg4 7. O-O e6 8.
h3 Bh5 9. c3 Be7 10. Be2 Nbd7 11. Nc4 Qc7 12. Nfe5 Bxe2 13. Qxe2 Nxe5 14. Bf4
Nf3+ 15. Qxf3 Qd8 16. a4 O-O 17. a5 Qd5 18. Qe2 Qb5 19. Rfe1 Nd5 20. Bg3 Rfc8
21. a6 b6 22. Ne5 Qxe2 23. Rxe2 Bd6 24. Nd3 Bf8 25. Rc1 c5 26. c4 Nc7 27. Bxc7
Rxc7 28. dxc5 bxc5 29. Rc3 Rc6 30. Ra3 Rb8 31. Re1 Rd8 32. Rea1 Rcd6 33. Ne1
Rb6 34. Nd3 Rd4 35. Rc3 Rbd6 36. Ne1 Rb6 37. Nd3 g6 38. Raa3 Rdd6 39. Kf1 Rxa6
40. Rxa6 Rxa6 41. Ra3 Rxa3 42. bxa3 Bd6 43. Ke2 e5 44. Ke3 f5 45. g4 Kf7 46. f3
Kf6 47. h4 h5 48. g5+ Ke6 49. Nc1 e4 50. Ne2 exf3 51. Kxf3 Be5 52. a4 Kd6 53.
Nc1 Kc6 54. Nd3 Bd6 55. Nc1 Kb6 56. Nb3 Be5 57. Kf2 Bc3 58. Ke2 Kc6 59. Nc1 Be5
60. Kf3 Kd6 61. Nd3 Bh2 62. Kg2 Be5 63. Kf3 Bh2 64. Kg2 Be5 65. Kf3 Bh2 66. Kg2
1/2-1/2

[Event "Bay Area International"]
[Site "?"]
[Date "2014.01.03"]
[Round "3"]
[White "Viswanadha, Kesav"]
[Black "Jue, Wang"]
[Result "0-1"]
[WhiteElo "2153"]
[BlackElo "2396"]
[PlyCount "76"]
[EventDate "2014.??.??"]

1. e4 c5 2. Nf3 d6 3. d4 cxd4 4. Nxd4 Nf6 5. Nc3 a6 6. Be3 e5 7. Nb3 Be7 8. f3
Be6 9. Qd2 O-O 10. O-O-O a5 11. Bb5 Na6 12. Kb1 Nc7 13. Bb6 Qc8 14. Bxc7 Qxc7
15. g4 Rfd8 16. g5 Nh5 17. h4 Nf4 18. a4 d5 19. Nxd5 Nxd5 20. exd5 Rxd5 21. Qe2
Rc8 22. Bd3 b5 23. axb5 a4 24. Qe4 Rxd3 25. Qxd3 axb3 26. c3 g6 27. Kc1 Qa5 28.
b6 Qxb6 29. Rhe1 Qa5 30. Re4 Bf5 31. Rd2 Rd8 32. Qb1 Rxd2 33. Kxd2 Qd5+ 34. Qd3
Bxe4 35. fxe4 Qc5 36. Qg3 Qa5 37. Qg1 Qa2 38. Qc1 Ba3 0-1

[Event "Bay Area International"]
[Site "?"]
[Date "2014.01.03"]
[Round "3"]
[White "Vovsha, Eli"]
[Black "Shiqun, Ni"]
[Result "1/2-1/2"]
[WhiteElo "2483"]
[BlackElo "2299"]
[PlyCount "63"]
[EventDate "2014.??.??"]

1. e4 e5 2. Nf3 Nf6 3. Nc3 Bb4 4. Nxe5 O-O 5. Be2 Re8 6. Nd3 Bxc3 7. dxc3 Nxe4
8. O-O d6 9. f3 Nf6 10. Bg5 Nbd7 11. Nf2 Qe7 12. Re1 h6 13. Bh4 Qf8 14. Qd4 b6
15. Bb5 Rxe1+ 16. Rxe1 Bb7 17. Ng4 Nxg4 18. Qxg4 Ne5 19. Qa4 a6 20. Be2 Qe8 21.
Qd4 Qc6 22. Bf2 Re8 23. h4 Nd7 24. b3 Ne5 25. Kf1 Qd7 26. Qf4 Ng6 27. Qd2 Qf5
28. Bg3 Ne5 29. Bd3 Qc8 30. Be2 Qf5 31. Bd1 Re6 32. Bxe5 1/2-1/2

[Event "Bay Area International"]
[Site "?"]
[Date "2014.01.03"]
[Round "3"]
[White "Wheeler, Cameron"]
[Black "Shen, Victor"]
[Result "1/2-1/2"]
[WhiteElo "2192"]
[BlackElo "2424"]
[PlyCount "91"]
[EventDate "2014.??.??"]

1. c4 Nf6 2. g3 e6 3. Bg2 d5 4. Nf3 Be7 5. O-O O-O 6. d4 c6 7. Qc2 b6 8. Nbd2
Ba6 9. b3 Nbd7 10. Bb2 Rc8 11. e4 c5 12. e5 Ne8 13. Rfe1 Nc7 14. Rad1 b5 15.
dxc5 Bxc5 16. Nd4 Bb7 17. Qb1 bxc4 18. Nxc4 Ba8 19. Nd2 Bxd4 20. Bxd4 Nb5 21.
Nf3 h6 22. Qd3 Qa5 23. a4 Nxd4 24. Nxd4 Rb8 25. Rc1 Rfc8 26. Qe3 a6 27. f4 Qb6
28. Bh3 Re8 29. Rc3 Nc5 30. Rec1 Ne4 31. Rc7 Bb7 32. Bg2 Rbc8 33. Rxc8 Rxc8 34.
Rxc8+ Bxc8 35. Bxe4 dxe4 36. Qxe4 Bb7 37. Qe3 Qc5 38. Kf2 Bd5 39. h4 Qa3 40.
Qe2 a5 41. Qc2 Qa1 42. Ke3 Qg1+ 43. Qf2 Qc1+ 44. Kd3 Qb1+ 45. Qc2 Qf1+ 46. Qe2
1/2-1/2

[Event "Bay Area International"]
[Site "?"]
[Date "2014.01.03"]
[Round "3"]
[White "Yanayt, Eugene"]
[Black "Banik, Siddharth"]
[Result "1-0"]
[WhiteElo "2223"]
[BlackElo "2002"]
[PlyCount "69"]
[EventDate "2014.??.??"]

1. Nf3 Nf6 2. c4 g6 3. Nc3 d5 4. Qa4+ Bd7 5. Qb3 dxc4 6. Qxc4 Bg7 7. e4 O-O 8.
e5 Be6 9. Qh4 Nd5 10. Ng5 h6 11. Nxe6 fxe6 12. Qe4 Nxc3 13. dxc3 Rf5 14. f4 Nc6
15. g4 Rf7 16. Bc4 Qd7 17. Be3 Rd8 18. b4 a6 19. O-O b5 20. Be2 Qe8 21. Bf3 Rd5
22. Qxg6 Qd7 23. Bxd5 Qxd5 24. Rad1 Qxa2 25. Qe4 Qe2 26. Rd2 Qxg4+ 27. Rg2 Qh3
28. Rg3 Qh5 29. Qxc6 Qf5 30. Qxa6 h5 31. Qxb5 h4 32. Rg5 Qe4 33. Qe2 Kf8 34.
Qf3 Qd5 35. Rd1 1-0

[Event "Bay Area International"]
[Site "?"]
[Date "2014.01.04"]
[Round "4"]
[White "Abrahamyan, Tatev"]
[Black "Yanayt, Eugene"]
[Result "1-0"]
[WhiteElo "2356"]
[BlackElo "2223"]
[PlyCount "69"]
[EventDate "2014.??.??"]

1. e4 c5 2. Nf3 Nc6 3. d4 cxd4 4. Nxd4 g6 5. Nc3 Bg7 6. Be3 Nf6 7. Bc4 O-O 8.
Bb3 d6 9. f3 Nxd4 10. Bxd4 Be6 11. h4 Qa5 12. Qd2 Bxb3 13. cxb3 Rac8 14. a3
Rfd8 15. b4 Qa6 16. h5 d5 17. e5 Nxh5 18. g4 f6 19. gxh5 fxe5 20. Bc5 e4 21.
hxg6 exf3 22. O-O-O hxg6 23. Nxd5 Rd7 24. Kb1 Qe6 25. Rhe1 Qf5+ 26. Ka1 Re8 27.
Qd3 f2 28. Rf1 Qe5 29. Qb3 e6 30. Nf6+ Bxf6 31. Rxd7 Bg7 32. Rxf2 b6 33. Be3 a5
34. Rff7 Bf6 35. Qc2 1-0

[Event "Bay Area International"]
[Site "?"]
[Date "2014.01.04"]
[Round "4"]
[White "Aleskerov, Faik"]
[Black "Wheeler, Cameron"]
[Result "0-1"]
[WhiteElo "2331"]
[BlackElo "2192"]
[PlyCount "100"]
[EventDate "2014.??.??"]

1. e4 e6 2. c4 d5 3. exd5 exd5 4. cxd5 Nf6 5. Bb5+ Nbd7 6. Nc3 Be7 7. Nf3 O-O
8. O-O Nb6 9. Ne5 Nbxd5 10. d4 c6 11. Bd3 h6 12. a3 Be6 13. Re1 Re8 14. Qf3 Qb6
15. Qg3 Qxd4 16. Nxd5 Qxd5 17. Bc4 Qd6 18. Bxh6 Nh5 19. Qf3 Bxc4 20. Qxh5 Qxh6
21. Qxh6 gxh6 22. Nxc4 Bf6 23. a4 b5 24. axb5 cxb5 25. Rxe8+ Rxe8 26. Ne3 Bd4
27. Kf1 Bxe3 28. Re1 a5 29. fxe3 Re4 30. Kf2 Rb4 31. Re2 f5 32. Rc2 Kf7 33. Ke2
Rb3 34. Kd2 Kf6 35. Rc6+ Kg5 36. Rc2 h5 37. Ke2 a4 38. Kd2 Kf6 39. Ke2 Ke5 40.
Kf3 f4 41. Rc5+ Ke6 42. Rc2 fxe3 43. Ke4 b4 44. Kd4 Kf5 45. g3 h4 46. gxh4 Kf4
47. h5 Kf3 48. Rc8 e2 49. Rf8+ Kg2 50. Re8 Kf2 0-1

[Event "Bay Area International"]
[Site "?"]
[Date "2014.01.04"]
[Round "4"]
[White "Anderson, Michael"]
[Black "Manvelyan, Hayk"]
[Result "0-1"]
[WhiteElo "1886"]
[BlackElo "2283"]
[PlyCount "54"]
[EventDate "2014.??.??"]

1. e4 c5 2. d4 cxd4 3. c3 dxc3 4. Nxc3 Nc6 5. Nf3 d6 6. Bc4 e6 7. Bf4 Be7 8.
Qe2 e5 9. Be3 Nf6 10. O-O O-O 11. Rfd1 Be6 12. Bxe6 fxe6 13. b4 a6 14. b5 axb5
15. Qxb5 Qd7 16. Rab1 Ra3 17. Qd3 d5 18. Bc1 Ra5 19. Ng5 Nd4 20. Qh3 h6 21. Nf3
Nxe4 22. Nxe4 dxe4 23. Bxh6 exf3 24. Qg4 Bf6 25. gxf3 Rxa2 26. f4 Qc6 27. fxe5
Ne2+ 0-1

[Event "Bay Area International"]
[Site "?"]
[Date "2014.01.04"]
[Round "4"]
[White "Banik, Siddharth"]
[Black "Chevannes, Sabrina"]
[Result "1-0"]
[WhiteElo "2002"]
[BlackElo "2176"]
[PlyCount "163"]
[EventDate "2014.??.??"]

1. e4 c6 2. d4 d5 3. e5 Bf5 4. h4 h5 5. c4 e6 6. Nc3 Ne7 7. Bg5 dxc4 8. Bxc4
Nd7 9. Nge2 f6 10. exf6 gxf6 11. Be3 Nb6 12. Bb3 Nbd5 13. Ng3 Bg4 14. Qd3 Qc7
15. Nge4 O-O-O 16. Rc1 Nxe3 17. fxe3 Kb8 18. O-O Bf5 19. Qe2 Bh6 20. Qf2 Rdg8
21. Nxf6 Rg6 22. Kh1 Qd8 23. Nxh5 Bxe3 24. Qxe3 Rxh5 25. Rf4 Ka8 26. Rcf1 Qh8
27. g3 Qg8 28. Ne2 Nd5 29. Bxd5 cxd5 30. Kh2 Rh8 31. Nc3 Qd8 32. Rc1 a6 33. Qe5
Bg4 34. Qe1 Bf5 35. Qe5 Bg4 36. Qe1 Ka7 37. Na4 Bf5 38. Nc3 Qg5 39. Qf2 Qd8 40.
Na4 Rh7 41. Nc5 b6 42. Na4 Qd7 43. b3 Rg8 44. Rf3 Qd6 45. Rf4 Rc7 46. Rxc7+
Qxc7 47. Qd2 Qg7 48. Qc3 Kb7 49. Qf3 Qc7 50. Qc3 Qg7 51. Qe3 Rc8 52. Nc3 Qd7
53. Rf2 Qc6 54. Ne2 Rc7 55. Ng1 Be4 56. Nf3 Qd6 57. Ng5 Bf5 58. Kg2 Rc6 59. Qf4
Qd7 60. g4 Bb1 61. Qf7 Qxf7 62. Rxf7+ Kc8 63. Rf2 Kd7 64. h5 Rc8 65. Kg3 Rg8
66. Nf7 Kc6 67. Ne5+ Kb5 68. a3 a5 69. Kh4 a4 70. bxa4+ Kxa4 71. Rb2 Be4 72.
Rxb6 Rc8 73. h6 Rc1 74. Rxe6 Kxa3 75. Kg5 Rh1 76. Nf7 Rg1 77. Rxe4 dxe4 78. h7
Rh1 79. Nh6 e3 80. h8=Q Rb1 81. Qe5 Rb3 82. Nf5 1-0

[Event "Bay Area International"]
[Site "?"]
[Date "2014.01.04"]
[Round "4"]
[White "Betaneli, Alex"]
[Black "Viswanadha, Kesav"]
[Result "0-1"]
[WhiteElo "2250"]
[BlackElo "2153"]
[PlyCount "102"]
[EventDate "2014.??.??"]

1. c4 e6 2. g3 Nf6 3. Bg2 d5 4. Nf3 dxc4 5. Na3 Bxa3 6. bxa3 O-O 7. Bb2 Nbd7 8.
Rc1 c5 9. Ne5 Nxe5 10. Bxe5 Nd7 11. Ba1 Rb8 12. Rxc4 b5 13. Rh4 Bb7 14. Qc2 h6
15. e4 c4 16. O-O e5 17. d4 cxd3 18. Qxd3 Qe7 19. Qe3 a6 20. f4 Rbc8 21. Bh3 f6
22. fxe5 fxe5 23. Bf5 Qc5 24. Qxc5 Rxc5 25. Bxd7 Rxf1+ 26. Kxf1 Rc1+ 27. Ke2
Rxa1 28. Be6+ Kf8 29. g4 Ke7 30. Bb3 Kf6 31. Rh3 Bxe4 32. Re3 Bb1 33. Rf3+ Kg5
34. Be6 Bxa2 35. Rf5+ Kg6 36. Bd7 Bc4+ 37. Kd2 Rxa3 38. Be8+ Kh7 39. h4 e4 40.
Re5 e3+ 41. Rxe3 Rxe3 42. Kxe3 g5 43. hxg5 hxg5 44. Bd7 a5 45. Kd2 a4 46. Kc2
a3 47. Kc3 b4+ 48. Kc2 b3+ 49. Kc3 b2 50. Bf5+ Kg7 51. Kc2 Ba2 0-1